[Event "Mezinarodni turnaj - CALLIDITAS OPEN"]
[Site "Plzen"]
[Date "2020.08.25"]
[Round "3"]
[Board "25"]
[White "Langmajer, Jan"]
[Black "Zach, Tomáš"]
[Result "1/2-1/2"]
[WhiteElo "1716"]
[BlackElo "1617"]
[PlyCount "102"]
[EventDate "2020.08.23"]
[EventRounds "9"]
[EventCountry "CZE"]

1. e4 e5 2. d4 exd4 3. Nf3 d6 4. Bc4 Be7 5. Nxd4 Nf6 6. Nc3 Nc6 7. O-O Nxd4 8.
Qxd4 Be6 9. Bb3 O-O 10. f4 c6 11. Kh1 Bxb3 12. axb3 a6 13. h3 Ne8 14. g4 Bf6
15. Qf2 g6 16. g5 Bxc3 17. bxc3 f5 18. c4 fxe4 19. Bb2 Qd7 20. Kh2 Ng7 21. Qd4
Rf7 22. Rad1 Re8 23. Qxd6 Qxd6 24. Rxd6 Nf5 25. Rd2 Nh4 26. Re2 Rfe7 27. Kg3
Nf5+ 28. Kg4 Rd7 29. Rfe1 e3 30. Bc1 Nd4 31. Rxe3 Rxe3 32. Rxe3 Nxc2 33. Re2
Nb4 34. Rd2 Rxd2 35. Bxd2 Nd3 36. f5 Kf7 37. f6 Ke6 38. h4 Nc5 39. b4 Ne4 40.
Be1 Nd6 41. c5 Nf7 42. Kf4 Kd5 43. Bc3 Kc4 44. Bd2 a5 45. bxa5 Kxc5 46. Ke4 Kc4
47. Be1 Kb5 48. Kd4 b6 49. axb6 Kxb6 50. Bb4 Kc7 51. Kc5 Kd7  1/2-1/2

[Event "Mezinarodni turnaj - CALLIDITAS OPEN"]
[Site "Plzen"]
[Date "2020.08.25"]
[Round "3"]
[Board "27"]
[White "Štepánek, Vít"]
[Black "Novotný, Jaromír"]
[Result "1/2-1/2"]
[WhiteElo "1539"]
[BlackElo "1737"]
[PlyCount "82"]
[EventDate "2020.08.23"]
[EventRounds "9"]
[EventCountry "CZE"]

1. e4 c5 2. c3 d6 3. d4 cxd4 4. cxd4 Nf6 5. Nc3 g6 6. Nf3 Bg7 7. h3 O-O 8. Be3
Qa5 9. Qd2 Re8 10. Bc4 e6 11. O-O Nbd7 12. Nb5 Qd8 13. Nxd6 Nb6 14. Nxe8 Nxc4
15. Nxf6+ Bxf6 16. Qe2 Nb6 17. e5 Bg7 18. Rac1 Bd7 19. Rc2 Bc6 20. Nd2 Qd5 21.
f3 Bb5 22. Qd1 Bxf1 23. Kxf1 Qxa2 24. b3 Qa6+ 25. Kg1 Qd3 26. Bf2 Bh6 27. Rb2
Rc8 28. Qe1 Bxd2 29. Qxd2 Qxd2 30. Rxd2 Nd5 31. Ra2 a6 32. Be1 Rc1 33. Kf2 Rd1
34. Rd2 Rb1 35. Rd3 Rb2+ 36. Kg3 Rxg2+ 37. Kxg2 Nf4+ 38. Kg3 Nxd3 39. Bd2 b6
40. f4 a5 41. Kf3 Kf8  1/2-1/2

[Event "Mezinarodni turnaj - CALLIDITAS OPEN"]
[Site "Plzen"]
[Date "2020.08.25"]
[Round "3"]
[Board "28"]
[White "Hoerhold, Karola"]
[Black "Roubal, Matyáš"]
[Result "1-0"]
[WhiteElo "1725"]
[BlackElo "1471"]
[PlyCount "71"]
[EventDate "2020.08.23"]
[EventRounds "9"]
[EventCountry "CZE"]

1. e4 d5 2. exd5 Nf6 3. d4 Nxd5 4. Bc4 Nc6 5. Ne2 Bf5 6. O-O e6 7. c3 Bd6 8.
Ng3 Bg6 9. f4 Nb6 10. Bb3 Qf6 11. Qf3 Qh4 12. Nd2 O-O-O 13. Nde4 Qe7 14. Nxd6+
cxd6 15. f5 exf5 16. Nxf5 Qf6 17. Qg4 Rd7 18. Bg5 Bxf5 19. Rxf5 Qg6 20. Bxf7
Rxf7 21. Rxf7+ Kb8 22. Qf5 Qh5 23. Rf8+ Rxf8 24. Qxf8+ Kc7 25. Qxg7+ Nd7 26.
Re1 b5 27. a3 Na5 28. Qh6 Qf7 29. Qe6 Qf8 30. Be7 Qf4 31. Rf1 Qd2 32. Qxd6+ Kc8
33. Qa6+ Nb7 34. Qc6+ Kb8 35. Qxd7 Nd8 36. Bd6+  1-0

[Event "Mezinarodni turnaj - CALLIDITAS OPEN"]
[Site "Plzen"]
[Date "2020.08.25"]
[Round "3"]
[Board "29"]
[White "Kotešovec, Jaroslav"]
[Black "Konecný, Jakub"]
[Result "0-1"]
[WhiteElo "1585"]
[BlackElo "1245"]
[PlyCount "46"]
[EventDate "2020.08.23"]
[EventRounds "9"]
[EventCountry "CZE"]

1. e4 c6 2. d4 d5 3. e5 Bf5 4. c4 e6 5. Nf3 Nd7 6. a3 dxc4 7. Bxc4 Nb6 8. Bd3
Bxd3 9. Qxd3 Nd5 10. O-O Qc7 11. Nc3 Nxc3 12. bxc3 c5 13. Be3 a6 14. Rfd1 cxd4
15. cxd4 Rd8 16. a4 Ne7 17. Rab1 Nd5 18. Rdc1 Qb8 19. Bd2 Be7 20. Qxa6 bxa6 21.
Rxb8 Rxb8 22. Rc6 O-O 23. Rxa6 Rfd8  0-1

[Event "Mezinarodni turnaj - CALLIDITAS OPEN"]
[Site "Plzen"]
[Date "2020.08.25"]
[Round "3"]
[Board "30"]
[White "Hercik, Richard"]
[Black "Kratochvílová, Magdalena"]
[Result "1/2-1/2"]
[WhiteElo "1401"]
[BlackElo "1580"]
[PlyCount "96"]
[EventDate "2020.08.23"]
[EventRounds "9"]
[EventCountry "CZE"]

1. e4 c5 2. Nf3 Nc6 3. Nc3 d6 4. d4 cxd4 5. Nxd4 g6 6. Be3 Bg7 7. Qd2 Nf6 8. f3
a6 9. O-O-O Bd7 10. g4 O-O 11. h4 b5 12. g5 Nh5 13. Be2 Ng3 14. Rhg1 Nxe2+ 15.
Qxe2 Ne5 16. f4 Nc4 17. Bf2 Qa5 18. Nb3 Qc7 19. Bd4 e5 20. Nd5 Qd8 21. fxe5
dxe5 22. Bc5 Re8 23. h5 Rc8 24. hxg6 fxg6 25. Rdf1 Be6 26. Nf6+ Bxf6 27. Rxf6
Nxb2 28. Rxe6 Rxe6 29. Kxb2 Rxc5 30. Rd1 Qxg5 31. Nxc5 Rc6 32. Qf2 h5 33. Nd7
Qe7 34. c3 b4 35. Nxe5 bxc3+ 36. Kc2 Rc7 37. Qd4 Kh7 38. Rf1 Qe6 39. Qd5 Qb6
40. Rf7+ Rxf7 41. Qxf7+ Kh6 42. Qb3 Qf2+ 43. Kxc3 Qe3+ 44. Kb2 Qd2+ 45. Qc2
Qd4+ 46. Qc3 Qb6+ 47. Qb3 Qd4+ 48. Qc3 Qb6+  1/2-1/2

[Event "Mezinarodni turnaj - CALLIDITAS OPEN"]
[Site "Plzen"]
[Date "2020.08.25"]
[Round "3"]
[Board "31"]
[White "Nagyová, Daniela"]
[Black "Hájek, Jindrich"]
[Result "0-1"]
[WhiteElo "1572"]
[BlackElo "1664"]
[PlyCount "62"]
[EventDate "2020.08.23"]
[EventRounds "9"]
[EventCountry "CZE"]

1. e4 e5 2. Nf3 Nc6 3. Bc4 Bc5 4. c3 Nf6 5. d4 exd4 6. e5 d5 7. Bb5 Ne4 8. cxd4
Bb6 9. O-O O-O 10. Bxc6 bxc6 11. Nbd2 Bg4 12. Nb3 Re8 13. Qd3 Re6 14. Nfd2 Bf5
15. Nxe4 dxe4 16. Qc3 Qd5 17. Bf4 Rae8 18. Rac1 Rg6 19. Bg3 Rd8 20. Rfd1 Re8
21. a3 Rd8 22. Nc5 h5 23. b4 e3 24. f3 h4 25. Bxh4 Qxf3 26. Bg3 Rxg3 27. hxg3
Qxg3 28. Re1 Qf2+ 29. Kh1 Bxc5 30. Rf1 Qh4+ 31. Kg1 Bxd4  0-1